| 000 | 01934cam a22003854i 4500 | ||
|---|---|---|---|
| 003 | PE-LiUPU | ||
| 005 | 20250731183421.0 | ||
| 008 | 150625s r 000 0 d | ||
| 020 | _a8471835290 | ||
| 035 | _a(Sirsi) i9788471835291 | ||
| 040 |
_aPE-LiUPU _bspa _cPE-LiUPU _erda |
||
| 049 | _aPRUA | ||
| 082 | 0 | 4 |
_a745.9 _bP92 _221 |
| 100 | 1 |
_aPugés, Maite, _ered., _eautor. |
|
| 245 | 1 | 0 |
_aArreglos florales : _bideas fáciles, paso a paso. _n3 / _c[redacción, Maite Pugès, Mayka Barciela ; traducción, Marta Tremoleda, Olga Puig]. |
| 264 | 1 |
_aBarcelona : _bHymsa, _c[2004]. |
|
| 300 |
_a96 páginas : _bilustraciones ; _c29 centímetros |
||
| 336 |
_atext _2rdacontent |
||
| 337 |
_aunmediated _2rdamedia |
||
| 338 |
_avolume _2rdacarrier |
||
| 505 | 0 | _aJarrones a juego. -Detalles cristalinos. -Ikebana. -Arreglos con imaginación. -Ramilletes nupciales. -Cestitas con flores. -Delicadas florecillas. -Velas y cubiletes. -Dos en uno. -Flores de vivos colores. -Flores combinadas. -Narcisos elegantes. -Arriates llenos de color. -Lirios blancos. -Jacintos fragantes. -Flores llamativas. -Claveles multicolores. -Azucenas blancas. -Flores en tonos suaves. -Orquídeas exóticas. -Rosas blancas. -Flores con matices púrpura. -Escaparates y estanterías. | |
| 526 | _aP158 | ||
| 526 | _aP146 | ||
| 526 | _aP17 | ||
| 526 | _aP12 | ||
| 526 | _aP06 | ||
| 541 | _g001-0006896; | ||
| 650 | 0 | 4 | _aDecoración floral. |
| 700 | 1 |
_aBarciela, Mayka, _ered. |
|
| 942 |
_2ddc _cBOOK |
||
| 949 |
_a745.9 P92 3 _wDEWEY _c1 _i57154 _lCCODEBUL1 _mBUL _p15.00 _r0 _sY _tBOOK _u2015-6-25 _xINGENIERIA _zAGB _0COMPRA _o.STAFF. Colección General |
||
| 994 |
_aC0 _bPEPRU |
||
| 596 | _a1 | ||
| 999 |
_a745.9 P92 3 _wDEWEY _c46271 _i57154 _f2021-11-5 _g7 _lCCODEBUL1 _mBUL _p15.00 _r0 _sY _tBOOK _u2015-6-25 _xBIBLIOTECA _zAGB _0COMPRA _o.STAFF. Colección General _d46271 |
||
| 980 |
_81 _gALBERTO SANCHEZ Responsable de Automatización |
||